000 00363nam a2200157Ia 4500
008 221030s9999 xx 000 0 und d
020 _a0070607370
041 _aEnglish
082 _a105.23
100 _aM. A. Richards
245 0 _aFundamentals of Radar Signal Processing
260 _bTMH
_aNew Delhi
_c2007
300 _a513
650 _aECE
942 _cBK
999 _c5785
_d5785